000 00546nam a2200193Ia 4500
005 20250508162643.0
008 008 250505s9999 xx 000 0 eng d
037 _aTextual
040 _aFEDL
_beng
_cFEDL
041 _aeng
_2eng
084 _a407, BRU
_qFEDL
100 _aBrumfit C J Ed.
_9773710
245 0 _aCommunicative apprach to language teaching
260 _aOxford
_bOxford University Press
_c1979
300 _ax,243p.
700 _a Johnson K Ed.
_9773711
942 _cTEXL
_h407, BRU
999 _c1377870
_d1377870